000 003970000a22001090004500
090 _aAS
_bSeriadas
100 1 _aDuque J., Jesús M.
_999782
245 1 0 _aArboles más nobles de las Lauráceas colombianas
_scanelos, caparrapíes y cominos reales
041 0 _aEspañol
942 _cARTICULO
773 1 _tRevista de la Academia Colombiana de Ciencias Exactas, Físicas y Naturales
_h14
_q229-231
_d1941
_g4
999 _c15507
_d15507